• 首页
  • 本馆介绍
  • 公告通知
  • 最新文献
  • 馆藏检索
  • 电子资源
  • 读者导购
  • 参考咨询
  • 我的图书馆
  • 登录
  • 详细信息显示
  • 放入我的书架
  • 预约/预借图书
  • 作者相关作品
  • 分类相关作品
  • 丛书相关作品
  • 出版社相关作品

书目信息

  • 表格格式
  • 工作单格式
  • 卡片格式
题名:
中国地市级政府网站信息计量研究
    
 
作者: 张会平 著
分册:  
出版信息: 成都   电子科技大学出版社  2017.1
页数: 299页
开本: 21cm
丛书名:
单 册:
中图分类: TP393.409.2 , G350
科图分类:
主题词: 地方政府--互联网络--网站--文献计量--研究--中国
电子资源:
ISBN: 978-7-5647-3852-5
000 01205nam0 2200253 450
001 0400002854
005 20171021151040.0
010    @a978-7-5647-3852-5@b精装@dCNY69.00
100    @a20170427e2017 em y0chiy50 ea
101 0  @achi
102    @aCN@b510000
105    @ay z 000yy
106    @ar
200 1  @a中国地市级政府网站信息计量研究@9zhong guo di shi ji zheng fu wang zhan xin xi ji liang yan jiu@f张会平著
210    @a成都@c电子科技大学出版社@d2017.1
215    @a299页@d21cm
300    @a本书由中央高校基本科研业务费专项资金 (ZYGX2009J122) 资助
330    @a本研究利用网络信息计量学方法,以“中国地市级政府网站信息”为考察对象,从形式特征和内容特征出发构建中国地市级政府网站信息计量模型,从内容分析指标、链接分析指标、网络影响因子三个方面筛选建立评价指标体系,选择一定数量的中国地市级政府网站建立计量数据库,并结合统计描述、统计推断方法进行实证研究,旨在将网络信息计量学研究方法运用到政府网站绩效评估领域,为进一步研究政府网站的公共服务质量评价奠定基础。
606 0  @a地方政府@x互联网络@x网站@x文献计量@x研究@y中国
690    @aTP393.409.2@v5
690    @aG350@v5
701  0 @a张会平@9zhang hui ping@4著
801  0 @aCN@b91MARC@c20171021
905    @b1021503-7@dTP393.409.2@f5@e692
    
    中国地市级政府网站信息计量研究/张会平著.-成都:电子科技大学出版社,2017.1
    299页;21cm
    本书由中央高校基本科研业务费专项资金 (ZYGX2009J122) 资助
    
    ISBN 978-7-5647-3852-5(精装):CNY69.00
    本研究利用网络信息计量学方法,以“中国地市级政府网站信息”为考察对象,从形式特征和内容特征出发构建中国地市级政府网站信息计量模型,从内容分析指标、链接分析指标、网络影响因子三个方面筛选建立评价指标体系,选择一定数量的中国地市级政府网站建立计量数据库,并结合统计描述、统计推断方法进行实证研究,旨在将网络信息计量学研究方法运用到政府网站绩效评估领域,为进一步研究政府网站的公共服务质量评价奠定基础。
●
相关链接 在E读中查询图书 在五车中查询图书 在当当中查询图书 在豆瓣中查询图书


正题名:中国地市级政府网站信息计量研究     索取号:TP393.409.2/692         预约/预借

序号 登录号 条形码 馆藏地/架位号 状态 备注
1 1021503   210215033   第二样本阅览室/ [索取号:TP393.409.2/692] 在馆    
2 1021504   210215042   密集书库—计算机科学学院/ [索取号:TP393.409.2/692] 在馆    
3 1021505   210215051   第三借阅区/ [索取号:TP393.409.2/692] 在馆    
4 1021506   210215060   第三借阅区/ [索取号:TP393.409.2/692] 在馆    
5 1021507   210215079   第三借阅区/ [索取号:TP393.409.2/692] 在馆    
唐山师范学院图书馆 欢迎您!
大连网信软件有限公司© 版权所有